Newnes Data Communications Pocketbook (Record no. 1896)

MARC details
000 -LEADER
fixed length control field 00878cam a2200277 a 4500
001 - CONTROL NUMBER
control field 3526559
003 - CONTROL NUMBER IDENTIFIER
control field OSt
005 - DATE AND TIME OF LATEST TRANSACTION
control field 20180319143747.0
008 - FIXED-LENGTH DATA ELEMENTS--GENERAL INFORMATION
fixed length control field 960816s1997 enka f 001 0 eng
010 ## - LIBRARY OF CONGRESS CONTROL NUMBER
LC control number 96042136
020 ## - INTERNATIONAL STANDARD BOOK NUMBER
International Standard Book Number 0750628847
040 ## - CATALOGING SOURCE
Original cataloging agency DLC
Transcribing agency DLC
Modifying agency DLC
050 00 - LIBRARY OF CONGRESS CALL NUMBER
Classification number TK5105
Item number .C73 1997
082 00 - DEWEY DECIMAL CLASSIFICATION NUMBER
Classification number 521.3 TOO 1997
Edition number 20
100 1# - MAIN ENTRY--PERSONAL NAME
Personal name Tooley, Michael H.
9 (RLIN) 4983
245 10 - TITLE STATEMENT
Title Newnes Data Communications Pocketbook
Statement of responsibility, etc. .
250 ## - EDITION STATEMENT
Edition statement 3rd ed.
260 ## - PUBLICATION, DISTRIBUTION, ETC. (IMPRINT)
Place of publication, distribution, etc. Oxford ;
Name of publisher, distributor, etc. Newnes,
Date of publication, distribution, etc. c1997.
300 ## - PHYSICAL DESCRIPTION
Extent 254 p. :
Other physical details ill. ;
Dimensions 20 cm.
504 ## - BIBLIOGRAPHY, ETC. NOTE
Bibliography, etc Includes index.
650 #0 - SUBJECT ADDED ENTRY--TOPICAL TERM
Topical term or geographic name as entry element Data transmission systems
9 (RLIN) 4984
856 42 - ELECTRONIC LOCATION AND ACCESS
Materials specified Publisher description
Uniform Resource Identifier http://www.loc.gov/catdir/description/els032/96042136.html
856 41 - ELECTRONIC LOCATION AND ACCESS
Materials specified Table of contents
Uniform Resource Identifier http://www.loc.gov/catdir/toc/els032/96042136.html
906 ## - LOCAL DATA ELEMENT F, LDF (RLIN)
a 7
b cbc
c orignew
d 1
e ocip
f 19
g y-gencatlg
942 ## - ADDED ENTRY ELEMENTS (KOHA)
Source of classification or shelving scheme Other/Generic Classification Scheme
Koha item type Short Loan
Holdings
Withdrawn status Lost status Source of classification or shelving scheme Damaged status Not for loan Home library Current library Date acquired Source of acquisition Inventory number Total Checkouts Full call number Barcode Date last seen Koha item type
    Other/Generic Classification Scheme     MUST Main Library MUST Main Library 27/05/2015   01/15607   521.3 TOO 1997 2015-1626 27/05/2015 Short Loan